Differential and integral calculus
Saved in:
| Main Author: | |
|---|---|
| Format: | Book |
| Language: | English |
| Published: |
Nueva York :
McGraw-Hill,
1953
|
| Subjects: |
| LEADER | 00508nam#a2200193#a#4500 | ||
|---|---|---|---|
| 001 | 002463 | ||
| 005 | 20160721142431.0 | ||
| 008 | 960614s1953####xxu#################eng#d | ||
| 040 | |a AR-BeUNQ | ||
| 099 | |a 20-F2 | ||
| 100 | 1 | |a Franklin, Philip | |
| 245 | 0 | 2 | |a Differential and integral calculus |c Philip Franklin. |
| 260 | |a Nueva York : |b McGraw-Hill, |c 1953 | ||
| 300 | |a xi,641 p | ||
| 650 | 7 | |a CALCULO INTEGRAL |2 Spines | |
| 650 | 7 | |a CALCULO DIFERENCIAL |2 Spines | |
| 929 | |j 16295 | ||
| 942 | |c LIB |n 0 | ||
| 999 | |c 5260 |d 80647 | ||